| 000 | 00449nam a2200145 4500 | ||
|---|---|---|---|
| 082 | _aMSCS-3 NAW | ||
| 100 | _aMuhammad Zeeshan Nawaz | ||
| 245 | _aRobust kernel bayes Rule and its application | ||
| 260 |
_aIslamabad _bNUST SEECS _c2016 |
||
| 300 |
_a43p. _eCD Includes |
||
| 856 | _u http://10.250.8.41:8080/xmlui/handle/123456789/8308 | ||
| 942 |
_2ddc _cTHE |
||
| 999 |
_c328698 _d328698 |
||